ბათუმის შოთა რუსთაველის სახელმწიფო უნივერსიტეტის ბიბლიოთეკა

ელექტროტექნიკის საფუძვლები : (ბიბ.ჩანაწერი № 58239)

000 -ლიდერი
ფიქსირებული სიგრძის საკონტროლო ველი 01259nam a22002297a 4500
003 - საკონტროლო ნომრის იდენტიფიკატორი
საკონტროლო ველი Ge_BSU
005 - ბოლო ოპერაციის თარიღი და დრო
საკონტროლო ველი 20210928112400.0
008 - ფიქსირებული სიგრძის მონაცემთა ელემენტები - ზოგადი ინფორმაცია
ფიქსირებული სიგრძის საკონტროლო ველი 210928s2021 ge ||||| |||| 00| 0 geo d
020 ## - წიგნის საერთაშორისო სტანდარტული ნომერი
International Standard Book Number 9789941836107
041 ## - ენის კოდი
Language code of text/sound track or separate title geo
080 ## - უნივერსალური ათობითი კლასიფიკაციის ინდექსი
Universal Decimal Classification number 621.3(075.8) ე-51
245 ## - ცნობა სათაურის შესახებ
Title ელექტროტექნიკის საფუძვლები :
Remainder of title I ნაწილი : დამხმარე სახელმძღვანელო /
Statement of responsibility, etc შემდგ : მაია ტუღუში, მადონა ლორია, რედ. ოთარ ჯიჯავაძე.
264 ## - წარმოების, გამოცემის, დისტრიბუციის და სხვა ცნობები
გამოცემის, წარმოების, დისტრიბუციის... ადგილი ბათუმი:
გამოცემის, წარმოების, დისტრიბუციის... სახელწოდება მცირე მეწარმე,,მაია ჯაველიძე",
გამოცემის, წარმოების, დისტრიბუციის... თარიღი 2021.
300 ## - ფიზიკური აღწერა
Extent 183 გვ.:
Other physical details ცხრ.,
Dimensions 29 სმ.
504 ## - BIBLIOGRAPHY, ETC. NOTE
Bibliography, etc ბიბლიოგრაფ. გვ:183-184
653 ## - INDEX TERM--UNCONTROLLED
Uncontrolled term ელექტროტექნიკის საფუძვლები
653 ## - INDEX TERM--UNCONTROLLED
Uncontrolled term ელექტროტექნიკა
700 ## - ADDED ENTRY--PERSONAL NAME
Personal name ტუღუში, მაია
Relator term შემდგენელი
9 (RLIN) 2277
700 ## - ADDED ENTRY--PERSONAL NAME
Personal name ლორია, მადონა
Relator term შემდგენელი
9 (RLIN) 12567
700 ## - ADDED ENTRY--PERSONAL NAME
Personal name ჯიჯავაძე, ოთარ
Relator term რედაქტორი
9 (RLIN) 12568
942 ## - ADDED ENTRY ELEMENTS (KOHA)
Source of classification or shelving scheme
Koha item type წიგნი
ეგზემპლარები
ჩამოწერის სტატუსი დაკარგული ეგზემპლარის სტატუსი კლასიფიკაციის წყარო ან თაროზე გაწყობის სქემა დაზიანების სტატუსი არ გაიცემა მუდმივი მდებარეობა (დაცვის ადგილი) ამჟამინდელი ადგილსამყოფელი თაროზე განთავსების ადგილი შეძენის თარიღი ღირებულება, შესყიდვის ნორმალური ფასი სრული შენახვის შიფრი შტრიხკოდი ბოლო ოპერაციის თარიღი ეგზემპლარის მიმდევრობითი ნომერი (კეტერი?) ფასის ძალაში შესვლის თარიღი ეგზემპლარის სახეობა საჯარო შენიშვნა
          ბათუმის შოთა რუსთაველის სახელმწიფო უნივერსიტეტის მთავარი ბიბლიოთეკა ტექნოლოგიური ფაკულტეტის ბიბლიოთეკა წიგნსაცავი 2021-09-28 30.00 621.3(075.8) ე-51 61742 2021-09-28 61742 2021-09-28 წიგნი 30 ლ.